Climate Quiz Stats

 Plays Quiz not verified by Sporcle

Support Sporcle.
Go Orange.
Score 0/10 Timer 01:00
0 Plays Today
Hint Answer % Correct
Do you know what global warming is?yes
93.9%
Are you having fun?yes
93.9%
What city are we in?Pittsburgh
78.8%
What is the name of the President?Obama
75.8%
What is the name of this conference?Powershift
66.7%
What group did Bill McKibben create?350
57.6%
What month do we start?March
54.5%
What is the name of this table's organization?Great March for Climate Action
51.5%
Is he going to take more climate action?maybe
48.5%
What city are we starting the march in? (map)Los Angeles
48.5%

You're not logged in!

Compare scores with friends on all Sporcle quizzes.
OR
Log In

From the Vault

Find the Countries of Asia in Their Official Language

by teedslaststand

What do you call someone who speaks fifty languages? Quinquagintilingual, or genius?
Remove Ads.
Support Sporcle.
Get the best of Sporcle when you Go Orange. This ad-free experience offers more features, more stats, and more fun while also helping to support Sporcle. Thank you for becoming a member.

Show Comments

Extras

Created Oct 19, 2013ReportNominate
Tags:climate, much

Top Quizzes Today


Score Distribution

Your Account Isn't Verified!

In order to create a playlist on Sporcle, you need to verify the email address you used during registration. Go to your Sporcle Settings to finish the process.

Report this User

Report this user for behavior that violates our Community Guidelines.

Details: